| 000 | 01564cam a22003857a 4500 | ||
|---|---|---|---|
| 999 |
_c532079 _d532079 |
||
| 001 | 13915574 | ||
| 003 | NUST | ||
| 005 | 20191107132453.0 | ||
| 008 | 050330s1995 ilua b 001 0 eng d | ||
| 010 | _a 2005297329 | ||
| 020 | _a1564240002 | ||
| 035 | _a(OCoLC)ocm34492262 | ||
| 038 | _aM.Ramzan | ||
| 040 |
_aDOM _cDOM _dCUS _dOCL _dOCLCQ _dDLC |
||
| 042 | _alccopycat | ||
| 043 | _an-us--- | ||
| 050 | 0 | 0 |
_aTA684 _b.A47 1995 |
| 082 | 0 | 0 |
_a624.1821 _222 _bAIS |
| 110 | 2 |
_aAmerican Institute of Steel Construction. _920072 |
|
| 240 | 1 | 0 | _aSteel construction |
| 245 | 1 | 0 |
_aManual of steel construction : _ballowable stress design. |
| 246 | 1 | 8 | _aSteel construction manual, A S D. |
| 250 | _a2nd rev. of the 9th ed. | ||
| 260 |
_aChicago, Ill. : _bAmerican Institute of Steel Construction, _c1989 |
||
| 300 |
_a1 v. (various pagings) : _bill. ; _c24 cm. |
||
| 500 | _aOriginally published in 1926 under title: Steel construction. | ||
| 500 | _aIn Part 1, domestic availability of W shapes has been updated.; In Part 4, design procedure for column base plates has been revised. (Preface to the First Revised Printing). | ||
| 504 | _aIncludes bibliographical references and index. | ||
| 650 | 0 |
_aBuilding, Iron and steel _vTables. _920073 |
|
| 650 | 0 |
_aSteel, Structural _vTables. _920074 |
|
| 650 | 0 |
_aSteel, Structural _vSpecifications _zUnited States. _925379 |
|
| 906 |
_a7 _bcbc _ccopycat _d2 _encip _f20 _gy-gencatlg |
||
| 942 |
_2ddc _cBK |
||